Регионална библиотека "Любен Каравелов" - Русе

Седем: стихотворения с биографии (Запис номер 326487)

MARC детайли
000 -Лидер
Контролно поле с фиксирана дължина nam a22 a 4500
003 - Код на организацията, давaща контролен номер
Контролно поле BLK
005 - Дата и час на последна редакция
Контролно поле 20201007040520.0
008 - Елементи от данни с фиксирана дължина
fixed length control field 181121b bu ||||| |||| 00| 0dbu d
020 ## - Международен стандартен номер на книга ISBN
Международен стандартен номер на книга ISBN 9789542618171
040 ## - Източник на каталожния запис
Идентификатор на билиотеката - собственик на записа BLK
041 ## - Код за език
Код за езика на текст/звукозапис или на отделно заглавие Български
Код за езика КДБФ Български
080 ## - УДК
Текстов определител УДК Българска литература
УДК код - определител по УДК 821.163.2
УДК - код + определител 821.163.2-1
100 1# - Редна дума - Автор
Автор Иванова, Мирела Цветкова
Авторска отговорност първи автор
R(LIN) 1299
139 ## - Редно поле
Редна дума Иванова, Мирела Цветкова
Авторски знак Иванова - И 22
245 ## - Сведения за заглавието
Заглавие Седем: стихотворения с биографии
260 ## - Област на издателските данни
9 (RLIN) 209439
Място на издаване, разпространение и проч. Пловдив
Име на издателя, разпространителя и проч. Хермес
Година на издаване 2018
Печатница Алианс Принт
Издателство - префикс ISBN 978-954-26-
300 ## - Физическа характеристика
Страници 80 с.
Илюстрации и др. с ил.
Размери/Мащаб 20 см
380 ## - Жанр
Жанр Худож. лит.
501 ## - Забележка „подвързано към”
Забележка: Подвързано към... Името на авт. на предг., ил. отбелязано на гърба на загл. с.<br/>Биогр. данни за авт. отбелязани на гърба на кор.
650 #7 - Допълнително описание по предмет – тема
9 (RLIN) 166642
Основно описание – тема или топоним Поезия
653 #7 - Ключова дума – ненормативна
9 (RLIN) 197459
Ключова дума стихотворения
653 #7 - Ключова дума – ненормативна
9 (RLIN) 181990
Ключова дума биографии
700 ## - Други автори (авторска отговорност)
9 (RLIN) 958
Лично име Новков, Митко Георгиев
Автороска отговорност (Описва отношението между автора и произведението) послесл.
700 ## - Други автори (авторска отговорност)
9 (RLIN) 363596
Лично име Праматаров, Веселин Костадинов
Автороска отговорност (Описва отношението между автора и произведението) худож.
700 ## - Други автори (авторска отговорност)
9 (RLIN) 1631
Лично име Цветелина Белутова
Автороска отговорност (Описва отношението между автора и произведението) фотогр.
852 ## - Местоположение
Форматна сигнатура Цб 291808
999 ## - СИСТЕМНИ КОНТРОЛНИ НОМЕРА
Koha biblionumber 326487
Koha biblioitemnumber 326487
942 ## - АРТИКУЛИ
Вид на библиотечния материал Книги
Скрит в OPAC Не
944 ## - СЪЗДАВАНЕ И РЕДАКЦИЯ на ЗАПИСА
Създаване/Редакция Създаване
Дата на регистрацията/редакция 2018-11-21
Служител, извършил регистрацията/редакцията Кристиан Велковски
Статус, дата на статуса 2018-11-21
999 ## - СИСТЕМНИ КОНТРОЛНИ НОМЕРА
Koha biblioitemnumber 326487
999 ## - СИСТЕМНИ КОНТРОЛНИ НОМЕРА
Koha biblioitemnumber 326487
Наличности
Код за отписване Код за изгубен артикул Източник на класификационната схема Код за повреда Коз за рестрикции Код за отдаване Артикулен № Име на библиотеката - собственик Име на библиотеката, в която се намира в момента Статус (Текущо местоположение) Дата на вписване в системата Местоположение - отдел Цена в лева Систематично азбучна сигнатура Баркод Цена в евро Служебен тип на артикула
  Не е изгубен Universal Decimal Classification Не е повреден без рестрикции ползва се в читалня 682713 Регионална библиотека "Любен Каравелов" Русе Регионална библиотека "Любен Каравелов" Русе Хранилище 2018-11-23 Хранилище 11.95 Цб 291808 120000825798 6.11 Книги
Vip Innovations Ltd, Rousse, Bulgaria 2025